Автоматизированная система контроля и регулирования вращающихся печей; Современные технологии автоматизации; № 3

Dettagli Bibliografici
Parent link:Современные технологии автоматизации: производственно-технический журнал.— , 2000-.— 0206-975X
№ 3.— 2002.— С. 20-27
Autore principale: Шатилов О. Олег
Altri autori: Челпанов А. Анатолий, Чуйков С. Сергей
Lingua:russo
Pubblicazione: 2002
Serie:Системная интеграция
Soggetti:
Natura: MixedMaterials Capitolo di libro
KOHA link:https://koha.lib.tpu.ru/cgi-bin/koha/opac-detail.pl?biblionumber=383990

MARC

LEADER 00000naa2a2200000 4500
001 383990
005 20231101063210.0
035 |a (RuTPU)RU\TPU\prd\10122 
090 |a 383990 
100 |a 20030128a2002 k y0rusy50 ca 
101 0 |a rus 
102 |a RU 
200 1 |a Автоматизированная система контроля и регулирования вращающихся печей  |f О. Шатилов, А. Челпанов, С. Чуйков 
225 1 |a Системная интеграция  |e Тяжёлая промышленность 
461 1 |0 (RuTPU)RU\TPU\prd\1759  |x 0206-975X  |t Современные технологии автоматизации  |o производственно-технический журнал  |d 2000- 
463 1 |0 (RuTPU)RU\TPU\prd\7902  |t № 3  |v С. 20-27  |d 2002 
610 1 |a автоматизированные системы контроля 
610 1 |a управление процессом 
610 1 |a обжиг 
610 1 |a регуляторы теплового режима 
610 1 |a огнеупоры 
610 1 |a вращающиеся печи 
700 1 |a Шатилов  |b О.  |g Олег 
701 1 |a Челпанов  |b А.  |g Анатолий 
701 1 |a Чуйков  |b С.  |g Сергей 
801 1 |a RU  |b 63413507  |c 20030128  |g PSBO 
801 2 |a RU  |b 63413507  |c 20131217  |g RCR 
942 |c BK